| 000 | 01042nam a2200325 a 4500 | ||
|---|---|---|---|
| 001 | 000037616 | ||
| 003 | DO-SdBNP | ||
| 005 | 20180326155850.0 | ||
| 007 | 000037616 | ||
| 008 | 121008s20uu dr 000 0 spa d | ||
| 020 | _a9789945120738 | ||
| 040 |
_aBPMSU _bspa _cBPMSU |
||
| 082 |
_a813.912 _bH488vi |
||
| 100 | 1 |
_aHemingway, Ernest, _d1899-1961 |
|
| 245 | 1 | 3 |
_aEl viejo y el mar / _cErnest Hemingway ; ilustraciones Julio César Martínez |
| 260 |
_aSanto Domingo, : _bSusaeta _c[200?] |
||
| 300 |
_a102 p. ; _c21 cm. |
||
| 490 | 1 | _aBiblioteca Susaeta | |
| 500 | _aIncluye notas al pie de las páginas | ||
| 650 | 4 | _aNOVELA ESTADOUNIDENSE | |
| 650 | 4 | _aLITERATURA ESTADOUNIDENSE | |
| 700 | 1 | 2 |
_aMartínez, Júlio César _eil. |
| 830 | 0 | _pBiblioteca Susaeta | |
| 910 | _aValidado. Control de calidad MFF | ||
| 942 |
_2ddc _cBK |
||
| 945 | _aRemanejado para la BNPHU / VM | ||
| 956 |
_aGREYES _b10 _c20121008 _lBND01 _h1257 |
||
| 956 |
_aBTAVAREZ _b10 _c20121010 _lBND01 _h0936 |
||
| 956 |
_aVMATEO _b10 _c20150507 _lBMET02 _h00151 |
||
| 999 |
_c7817 _d7817 |
||